Ghazali Shafie`s memoir on the formation of Malaysia

Bibliographic Details
Main Author: Muhammad Ghazali Shafie [ Tan Sri, , 1922-
Format: Book
Published: Bangi : Universiti Kebangsaan Malaysia , 2004
Series:Siri memoir / University Kebangsaan Malaysia
Subjects:

MARC

LEADER 00000cam a2200000 7i4500
001 0000016414
005 20060908.0
020 |a 9679423638 
040 |a INS 
090 0 0 |a DS597.215   |b M84 2004 
100 0 |a Muhammad Ghazali Shafie [  |q Tan Sri, ,   |d 1922- 
245 1 0 |a Ghazali Shafie`s memoir on the formation of Malaysia 
260 |a Bangi :   |b Universiti Kebangsaan Malaysia ,   |c 2004 
300 |a 465p. :   |b ill. ;   |c 26cm. 
440 0 |a Siri memoir / University Kebangsaan Malaysia 
651 0 |a Malaysia   |x History 
651 0 |a Malaysia   |x Politics and governments 
999 |a 0000016332   |b BOOK   |c Open Shelf   |e Default branch